LDR 01216naa#a2200181#i#450# 001 RU\\bibl\126814 005 20260701215601.3 011 ## _a1815-588X 100 ## _a20260630b2026####ek#y0rusy0150####ca 102 ## _aRU 200 1# _aОценка возможности применения нового способа сооружения подводных городских тоннелей в несвязных илистых грунтах _eЖурнальная статья 210 1# _aСанкт-Петербург _cФГБОУ ВО "Петербургский государственный университет путей сообщения Императора Александра I" _d2026 215 ## _a8 с. 608 ## _aЖурнальная статья _2local 675 ## _aПодводные тоннели. 624.19.034.5 _aСтроительная механика. Графическая и аналитическая статика применительно к исследованию, проектированию и расчету конструкций. 69.04 _z 700 #1 _aМельник _gЯна Владленовна 700 #1 _aФедоров _gАндрей Эдуардович 856 4# _aatjournal.ru _u